000 01012cab a2200229 4500
001 ABS46746
008 090401t1992 xxu||||| |||| 00| 0 eng d
035 _a(Sirsi) u59409
041 _aeng
245 _aFowler v SOS for the Environment and Devon CC
260 _c1992
350 _a0
490 _aJournal of Planning and Environment Law
_v1992 JPL 742-751(5)
520 _aCA 20 November 1991. Concerned with the right of way over a footpath shown on Devonshire CC Definitive Map as footpath no 6. In 1987, Devon CC made a Map Modification Order under s53(2)(a) of the Wildlife and Countryside Act 1981 and purported to show 750m of the path as a bridleway. CA held that the Definitive Map is conclusive of rights of way as shown until revised by a Modification Order.
650 _aDEFINITIVE MAP
650 _aFOOTPATH
650 _aRIGHT OF WAY
650 _aWILDLIFE AND COUNTRYSIDE ACT 1981 S54(2)(9)
690 _aHIGHWAYS AND RIGHTS OF WAY-CASE LAW
942 _n0
948 _c04/03/1997
999 _c36453
_d36453